| 000 | 00545nam a2200169I 4500 | ||
|---|---|---|---|
| 040 | _cOCP | ||
| 082 | _a582 HIL 1937 A060 Or. | ||
| 100 | 1 | 0 | _aHarlow, William Morehouse, |
| 245 | 1 | 0 |
_aTextbook of dendrology; _bcovering the important forest trees of the United States and Canada, |
| 250 | _a1st ed | ||
| 260 | 0 |
_aNew York, _aLondon, _bMcGraw-Hill book company, inc., _c1937 |
|
| 300 |
_axiii, 557 p. incl. front., illus., diagr. _c24 cm |
||
| 490 | 0 | _aAmerican forestry series | |
| 650 | 0 | _aTrees | |
| 700 | 1 | 0 | _aHarrar, Ellwood S. |
| 942 | _cEK | ||
| 999 |
_c17207 _d17207 |
||